000 00346 a2200169 4500
001 70848
020 _a8516015084
040 _cAnchieta - Itaigara
100 _aVenezia, Mike
240 1 0 _aLeonardo da Vinci
_lpor
245 1 0 _aLeonardo da Vinci
300 _a32
362 0 _a1996
440 1 _aModerna
650 4 _aPintura
942 _cBK
999 _c70848
_d70848